Albánsko a jeho nudná monetárna revolúcia
Historický pohľad na menovú politiku a bankový sektor v Albánsku.
Gespeichert in:
| 1. Verfasser: | |
|---|---|
| Weitere Verfasser: | |
| Format: | Buchkapitel |
| Sprache: | Slowakisch |
| Schlagworte: | |
| Tags: |
Keine Tags, Fügen Sie das erste Tag hinzu!
|
MARC
| LEADER | 00000nla a2200000 4500 | ||
|---|---|---|---|
| 001 | 0229619 | ||
| 005 | 20240712111144.1 | ||
| 041 | 0 | |a slo | |
| 044 | |a SK | ||
| 245 | 1 | 0 | |a Albánsko a jeho nudná monetárna revolúcia |c Daniel Dujava, Ján Dráb |
| 520 | |a Historický pohľad na menovú politiku a bankový sektor v Albánsku. | ||
| 610 | 2 | 0 | |a Albánsko |
| 610 | 2 | 0 | |a história |
| 610 | 2 | 0 | |a kríza finančná |
| 610 | 2 | 0 | |a politika menová |
| 610 | 2 | 0 | |a inflácia |
| 610 | 2 | 0 | |a bankovníctvo |
| 100 | 1 | |a Dujava, Daniel | |
| 700 | 1 | |a Dráb, Ján | |